| 000 | 00523nam a22002057a 4500 | ||
|---|---|---|---|
| 003 | OSt | ||
| 005 | 20140428132039.0 | ||
| 008 | 140326b xxu||||| |||| 00| 0 eng d | ||
| 020 | _a0439538483 | ||
| 050 |
_aPN 6166 _b.F57 2004 |
||
| 100 | _aFisch, Sarah. | ||
| 245 |
_aShrek 2 gag book / _cSarah Fisch and Howie Dewin |
||
| 260 |
_aNew York : _bScholastic, _cc2004. |
||
| 300 |
_a1 v. (unpaged) : _bill. ; _c20 cm. |
||
| 521 | _aG3 | ||
| 526 | _c730 | ||
| 650 | _aWit and Humor. | ||
| 942 |
_2lcc _cBK |
||
| 999 |
_c48769 _d48769 |
||